Alexander's Synonymous-with-Awful Day Quiz Stats

 Plays Quiz Updated Nov 28, 2017

Challenge
Share
Tweet
Embed
Score 0/6 Timer 01:00
3 Plays Today
% Correct
???
92.4%
???
89.9%
???
83.3%
???
77.2%
???
76.8%
???
65.7%

You're not logged in!

Compare scores with friends on all Sporcle quizzes.
OR
Log In

You Might Also Like...

Show Comments

Extras

Top Quizzes Today


Score Distribution

Your Account Isn't Verified!

In order to create a playlist on Sporcle, you need to verify the email address you used during registration. Go to your Sporcle Settings to finish the process.

Report this User

Report this user for behavior that violates our Community Guidelines.

Details: